[Event "NOR-ch Class3"]
[Site "Stavanger"]
[Date "2017.07.03"]
[Round "4"]
[White "Paulsen, Stig Atle"]
[Black "Soyland, Erik"]
[Result "0-1"]
[WhiteElo "1406"]
[BlackElo "1400"]
[PlyCount "84"]
[EventDate "2017.07.01"]
[EventType "swiss"]
[EventRounds "9"]
[EventCountry "NOR"]
[SourceTitle "EXT 2024"]
[Source "ChessBase"]
[SourceDate "2023.10.10"]
[SourceVersion "1"]
[SourceVersionDate "2023.10.10"]
[SourceQuality "1"]

1. e4 c5 2. Nf3 d6 3. d4 cxd4 4. Nxd4 Nf6 5. Bd3 a6 6. 0-0 g6 7. Nc3 Bg7 8. Nce2 0-0 9. c3 Qc7 10. Nf3 Nc6 11. h3 Bd7 12. Bc2 Rac8 13. Be3 Na5 14. Bg5 b5 15. a3 Bc6 16. Bxf6 Bxf6 17. Qc1 Ba8 18. Qh6 Bg7 19. Qh4 Nc4 20. Rab1 Ne5 21. Ng5 h6 22. Nf3 Nxf3+ 23. gxf3 d5 24. Kh1 d4 25. Bb3 dxc3 26. bxc3 Qe5 27. Rg1 Kh7 28. Bxf7 Rxf7 29. Qg4 Rc6 30. Nd4 Rcf6 31. Rbe1 Qf4 32. Qg2 e5 33. Nf5 gxf5 34. Rd1 fxe4 35. Rd8 exf3 36. Qf1 Be4 37. Rg3 Rg6 38. Rxg6 Bxg6 39. Rd6 Rf6 40. Rd7 e4 41. Re7 Qg5 42. Rc7 Rd6 0-1

[Event "Buskerud-ch"]
[Site "Drammen"]
[Date "2016.04.09"]
[Round "2"]
[White "Paulsen, Stig Atle"]
[Black "Nilsen, Tobias Lang"]
[Result "1/2-1/2"]
[WhiteElo "1714"]
[BlackElo "1867"]
[PlyCount "98"]
[EventDate "2016.04.09"]
[EventType "swiss"]
[EventRounds "5"]
[EventCountry "NOR"]
[SourceTitle "EXT 2018"]
[Source "ChessBase"]
[SourceDate "2017.10.13"]
[SourceVersion "1"]
[SourceVersionDate "2017.10.13"]
[SourceQuality "1"]

1. e4 c5 2. Nf3 d6 3. d4 cxd4 4. Nxd4 Nf6 5. Nc3 a6 6. a4 e5 7. Nf3 Be6 8. Be2 Be7 9. 0-0 0-0 10. Bg5 Nbd7 11. Kh1 Rc8 12. Bd3 h6 13. Bxf6 Nxf6 14. Nd2 d5 15. exd5 Nxd5 16. Nxd5 Bxd5 17. Qg4 e4 18. Bxe4 Bxe4 19. Qxe4 Qxd2 20. Qxe7 Rxc2 21. Qxb7 Rxb2 22. Qxa6 Qd4 23. Rad1 Qf4 24. Qa7 Rfb8 25. h3 Qe4 26. Rde1 Qd5 27. Rd1 Qc6 28. a5 R2b3 29. Kg1 Ra8 30. Qe7 Rbb8 31. Rd7 Qg6 32. Rd6 Qc2 33. Rd7 Qg6 34. Ra7 Rxa7 35. Qxa7 Rb3 36. Qa8+ Kh7 37. Kh1 Qd3 38. Re1 Qd2 39. Qe4+ g6 40. a6 Qxf2 41. Qe7 Ra3 42. Qxa3 Qxe1+ 43. Kh2 Qe5+ 44. Qg3 Qa5 45. Qd6 h5 46. Qe7 Qxa6 47. Qxf7+ Kh8 48. Qf8+ Kh7 49. Qf7+ Kh8 1/2-1/2